<?xml version="1.0" encoding="UTF-8"?>
<record
    xmlns:xsi="http://www.w3.org/2001/XMLSchema-instance"
    xsi:schemaLocation="http://www.loc.gov/MARC21/slim http://www.loc.gov/standards/marcxml/schema/MARC21slim.xsd"
    xmlns="http://www.loc.gov/MARC21/slim">

  <leader>00620nam a22001217a 4500</leader>
  <datafield tag="040" ind1=" " ind2=" ">
    <subfield code="c">RUA</subfield>
  </datafield>
  <datafield tag="100" ind1=" " ind2=" ">
    <subfield code="a">MOM POV. &#x1798;&#x17BB;&#x17C6; &#x1796;&#x17C5;</subfield>
  </datafield>
  <datafield tag="245" ind1=" " ind2=" ">
    <subfield code="a">GASTRO-INTESTINAL PARASITE OF WILD BOAR AT BORKO FARM, KAMPOT PROVINCE. &#x1794;&#x179A;&#x17B6;&#x179F;&#x17B7;&#x178F;&#x1781;&#x17B6;&#x1784;&#x1780;&#x17D2;&#x1793;&#x17BB;&#x1784;&#x1780;&#x17D2;&#x179A;&#x1796;&#x17C7;&#x1796;&#x17C4;&#x17C7;&#x179C;&#x17C0;&#x1793;&#x1787;&#x17D2;&#x179A;&#x17BC;&#x1780;&#x1796;&#x17D2;&#x179A;&#x17C3;&#x1793;&#x17C5;&#x1780;&#x179F;&#x17B7;&#x178A;&#x17D2;&#x1792;&#x17B6;&#x1793;&#x1785;&#x17B7;&#x1789;&#x17D2;&#x1781;&#x17B9;&#x1798;&#x179F;&#x178F;&#x17D2;&#x179C; &#x1797;&#x17D2;&#x1793;&#x17C6;&#x1794;&#x17BC;&#x1780;&#x1782;&#x17C4; &#x1781;&#x17C1;&#x178F;&#x17D2;&#x178F;&#x1780;&#x17C6;&#x1796;&#x178F;</subfield>
  </datafield>
  <datafield tag="260" ind1=" " ind2=" ">
    <subfield code="a">Phnom Penh</subfield>
    <subfield code="b">RUA</subfield>
    <subfield code="c">2020</subfield>
  </datafield>
  <datafield tag="300" ind1=" " ind2=" ">
    <subfield code="a">VIII.37P</subfield>
    <subfield code="b">VI.</subfield>
    <subfield code="c">29CM</subfield>
  </datafield>
  <datafield tag="856" ind1=" " ind2=" ">
    <subfield code="u">https://drive.google.com/file/d/1ZXipxYWn3ujyQDH_FEdwlU3w32xvFzCf/view?usp=sharing</subfield>
  </datafield>
  <datafield tag="942" ind1=" " ind2=" ">
    <subfield code="c">VEM</subfield>
  </datafield>
  <datafield tag="999" ind1=" " ind2=" ">
    <subfield code="c">21660</subfield>
    <subfield code="d">21660</subfield>
  </datafield>
  <datafield tag="952" ind1=" " ind2=" ">
    <subfield code="0">0</subfield>
    <subfield code="1">0</subfield>
    <subfield code="2">ddc</subfield>
    <subfield code="4">0</subfield>
    <subfield code="6">VEM_MOM_2020_000000000000000_B1_602_OR</subfield>
    <subfield code="7">0</subfield>
    <subfield code="9">94096</subfield>
    <subfield code="a">LBB</subfield>
    <subfield code="b">LBB</subfield>
    <subfield code="c">B1.602</subfield>
    <subfield code="d">2023-08-15</subfield>
    <subfield code="l">1</subfield>
    <subfield code="o">VEM MOM 2020 B1.602 Or.</subfield>
    <subfield code="p">a074710</subfield>
    <subfield code="r">2024-01-04</subfield>
    <subfield code="s">2023-11-29</subfield>
    <subfield code="w">2023-08-15</subfield>
    <subfield code="y">VEM</subfield>
  </datafield>
  <datafield tag="952" ind1=" " ind2=" ">
    <subfield code="0">0</subfield>
    <subfield code="1">0</subfield>
    <subfield code="2">ddc</subfield>
    <subfield code="4">0</subfield>
    <subfield code="6">VEM_MOM_2020_000000000000000_B1_602_OR</subfield>
    <subfield code="7">0</subfield>
    <subfield code="9">94097</subfield>
    <subfield code="a">LBB</subfield>
    <subfield code="b">LBB</subfield>
    <subfield code="c">B1.602</subfield>
    <subfield code="d">2023-08-15</subfield>
    <subfield code="o">VEM MOM 2020 B1.602 Or.</subfield>
    <subfield code="p">a073831</subfield>
    <subfield code="r">2023-08-15</subfield>
    <subfield code="w">2023-08-15</subfield>
    <subfield code="y">VEM</subfield>
  </datafield>
  <datafield tag="952" ind1=" " ind2=" ">
    <subfield code="0">0</subfield>
    <subfield code="1">0</subfield>
    <subfield code="2">ddc</subfield>
    <subfield code="4">0</subfield>
    <subfield code="6">VEM_MOM_2020_000000000000000_B1_602_OR</subfield>
    <subfield code="7">0</subfield>
    <subfield code="9">94098</subfield>
    <subfield code="a">LBB</subfield>
    <subfield code="b">LBB</subfield>
    <subfield code="c">B1.602</subfield>
    <subfield code="d">2023-08-15</subfield>
    <subfield code="o">VEM MOM 2020 B1.602 Or.</subfield>
    <subfield code="p">a074698</subfield>
    <subfield code="r">2023-08-15</subfield>
    <subfield code="w">2023-08-15</subfield>
    <subfield code="y">VEM</subfield>
  </datafield>
  <datafield tag="952" ind1=" " ind2=" ">
    <subfield code="0">0</subfield>
    <subfield code="1">0</subfield>
    <subfield code="2">ddc</subfield>
    <subfield code="4">0</subfield>
    <subfield code="6">VEM_MOM_2020_000000000000000_B1_602_OR</subfield>
    <subfield code="7">0</subfield>
    <subfield code="9">94099</subfield>
    <subfield code="a">LBB</subfield>
    <subfield code="b">LBB</subfield>
    <subfield code="c">B1.602</subfield>
    <subfield code="d">2023-08-15</subfield>
    <subfield code="o">VEM MOM 2020 B1.602 Or.</subfield>
    <subfield code="p">a074694</subfield>
    <subfield code="r">2023-08-15</subfield>
    <subfield code="w">2023-08-15</subfield>
    <subfield code="y">VEM</subfield>
  </datafield>
  <datafield tag="952" ind1=" " ind2=" ">
    <subfield code="0">0</subfield>
    <subfield code="1">0</subfield>
    <subfield code="2">ddc</subfield>
    <subfield code="4">0</subfield>
    <subfield code="6">VEM_MOM_2020_000000000000000_B1_602_OR</subfield>
    <subfield code="7">0</subfield>
    <subfield code="9">94100</subfield>
    <subfield code="a">LBB</subfield>
    <subfield code="b">LBB</subfield>
    <subfield code="c">B1.602</subfield>
    <subfield code="d">2023-08-15</subfield>
    <subfield code="l">1</subfield>
    <subfield code="o">VEM MOM 2020 B1.602 Or.</subfield>
    <subfield code="p">a074674</subfield>
    <subfield code="r">2023-12-25</subfield>
    <subfield code="s">2023-11-24</subfield>
    <subfield code="w">2023-08-15</subfield>
    <subfield code="y">VEM</subfield>
  </datafield>
  <datafield tag="952" ind1=" " ind2=" ">
    <subfield code="0">0</subfield>
    <subfield code="1">0</subfield>
    <subfield code="2">ddc</subfield>
    <subfield code="4">0</subfield>
    <subfield code="6">VEM_MOM_2020_000000000000000_B1_602_OR</subfield>
    <subfield code="7">0</subfield>
    <subfield code="9">94101</subfield>
    <subfield code="a">LBB</subfield>
    <subfield code="b">LBB</subfield>
    <subfield code="c">B1.602</subfield>
    <subfield code="d">2023-08-15</subfield>
    <subfield code="l">2</subfield>
    <subfield code="o">VEM MOM 2020 B1.602 Or.</subfield>
    <subfield code="p">a074666</subfield>
    <subfield code="r">2023-12-22</subfield>
    <subfield code="s">2023-12-06</subfield>
    <subfield code="w">2023-08-15</subfield>
    <subfield code="y">VEM</subfield>
  </datafield>
</record>
